[Event "RUS Ch"]
[Site "Krasnodar RUS"]
[Date "2002.08.31"]
[Round "5"]
[White "Hasangatin, Ramil"]
[Black "Yakovich, Yuri"]
[Result "0-1"]
[WhiteElo "2517"]
[BlackElo "2586"]
[EventDate "2002.08.27"]
[Annotator "Yakovich"]
[PlyCount "48"]
[EventType "swiss"]
[EventRounds "9"]
[EventCountry "RUS"]
[Source "ChessBase"]
[SourceDate "2002.11.12"]
[WhiteTeam "II"]
[BlackTeam "II"]
[WhiteTeamCountry "GER"]
[BlackTeamCountry "GER"]

{page 98} 
1. e4 c5 2. Nf3 Nc6 3. Bb5 d6 4. d4 cxd4 5. Qxd4 Bd7 6. Bxc6 Bxc6 7. Nc3 
Nf6 8. Bg5 e6 9. O-O-O Be7 10. Rhe1 {White protects the pawn e4 and 
prepares 11.Qd2.} ( {In case of immediate} 10. Qd3!? {/\Nd4,f4-f5,Qh3 
Black can prevent white's plans by} 10. ... Qa5!? 11. h4 h6 12. Bd2 Qa6 
13. Qxa6 bxa6 14. Rhe1 Ng4 15. Re2 O-O 16. Nd4 Bd7 17. f3 Ne5 18. h5 Rfc8 
19. b3 Rc5 =+ {Kaminski,M-Gelfand,B/Polanica Zdroj/1997/ (27)} ) 10. ... 
O-O 11. Qd2 {White would like to bring the knight to d4 as quickly as 
possible.} ( {The alternative} 11. Kb1 {became less popular after the game
Svidler,P-Kasparov,G/ Linares 1999 where was} 11. ... h6! 12. Bh4 Re8! N 
13. Bg3 d5 14. e5 ( 14. Ne5 Qa5 =+ ) 14. ... Ne4 15. Nxe4 dxe4 16. Qxd8 
Rexd8 17. Nd4 Be8! ( 17. ... Bd5 18. Nb5 += ) 18. c3 Rac8 19. Kc2 b5! 20. 
Rxe4 b4 21. Re3 a5 =/& {with an excellent compensation for the pawn} ) 
11. ... h6! {Important move.} 12. Bf4 ( {Now} 12. Bh4? {is not good in 
view of} 12. ... Nxe4! 13. Nxe4 ( 13. Rxe4? Bxh4 14. Rxh4 ( 14. Rg4 h5! 
-/+ ) 14. ... Bxf3 -+ ) 13. ... Bxh4 =+ ) 12. ... e5 13. Bg3 Rc8! {
Mueller,Karsten: 'The following games indicate that it is White, who has 
to play carefully in order to equalize.' Mueller,Karsten: 'Die mit dieser 
Stellung gespielten Partien deuten darauf hin, dass es eher Weiß ist, der 
um Ausgleich bemüht sein muss.'} ( 13. ... b5?! {is less precise in view 
of} 14. Bh4! += {Sutovskij-Hodgson, Harplinge 1998. Now} 14. ... b4 {
doesn't work in view of} 15. Bxf6 bxc3 16. Qxc3! +/- ) 14. Qd3 N D {White 
protects the pawn and prepares 15.Bh4.} ( {But immediate} 14. Bh4 {
probably is better:} 14. ... Nxe4! 15. Nxe4 Bxh4 16. Qxd6 Bxe4 17. Rxe4 
Qxd6 ( 17. ... Bg5+!? {Mueller,Karsten} ) 18. Rxd6 Bxf2 19. Rxe5 Rc7 
=, quiet {Sutovsky,E} ) ( 14. Kb1? b5! 15. Qe2 {'?!' Mueller,Karsten.} 
15. ... b4 16. Nd5 Nxd5 17. exd5 Bd7 -/+ {0-1 Karjakin Sergey (UKR) 
-Topalov Veselin (BUL)/Dubai (United Arab Emirates) 2002 (33)} ) 14. ... 
Nd7! {><Bg3} ( 14. ... Qa5 15. Bh4 b5 16. Bxf6 Bxf6 17. a3 ( 17. Qxd6 Rfd8
-/+ ) 17. ... Rfd8 ) 15. Nd5 {'?!' Mueller,Karsten.} ( 15. Kb1 {
Mueller,Karsten} 15. ... a6 16. Qe2 b5 17. Nd5 Bxd5 18. Rxd5 Rc5 ( 18. ...
 Rc6!? {Mueller,Karsten} ) 19. Red1 Rxd5 20. Rxd5 =, quiet {1/2-1/2 
David,A-Tiviakov,S/Saint Vincent ITA 2000/The Week in Chess 296 (35). (35)
} ) 15. ... Bxd5 16. Qxd5! D {That would leave
him with a bad bishop on e7, while White enjoys a nice outpost on d5.
Nevertheless, Black chose this and followed up with} 16. ... Rc6! {Black's
14 . . .Nd7 decision makes sense because he can improve his position
with . . .Qc7 and . . . Rc8, followed by . . . Nb6 and . . .Nc4 or . . . 
Na4, depending
on what's available.
That makes four plus-moves that White can't easily stop. To figure out
whether they amount to a significant trend, Black has to answer another
question. Does White have plus-moves, and if so, how many?
The answer is: Not many. His king would be better off on b1 . But his 
heavy
pieces can 't improve much. The only significant way to improve is by a 
knight
maneuver, such as Nd2-fl -e3 .
This gives Black enough of a picture of the future to convince him that
14 . . . Nd7 ! was good. His judgment was confirmed when the game 
continued by

'=/+' Mueller,Karsten. What for I have conceded control over the point d5?
I hoped that my attack on the Q-side will become very strong while Nf3 and
Bg3 will be in offside.} 17. Kb1 Qc7 18. c3 Rc8 â†‘ {It should be easy to 
see that Black has made progress since the previous
diagram. He would improve further if White began his knight maneuver, 19 
Nd2,
because of 19... Bg5 ! .

<< Mueller,Karsten: 'Black's attacking forces are getting stronger and 
stronger. ' Mueller,Karsten: 'Da braut sich etwas gegen den weißen 
Monarchen zusammen.'} 19. Bh4 {'?!' Mueller,Karsten.} ( {It should be easy
to see that Black has made progress since the previous
diagram. He would improve further if White began his knight maneuver,} 19.
 Nd2 Bg5! ( 19. ... Nb6 20. Qb3 a5 21. f3 ) 20. Nb3 ( 20. f3 Nb6 21. Qb3 
Bxd2 22. Rxd2 Nc4 -+ ) 20. ... Nb6 21. Qd3 Nc4 -/+ ) ( 19. Qd3 =+ {
Mueller,Karsten} ) 19. ... Nb6 20. Qd3 {But Black's attack
has gained so much momentum that he could afford to weaken his kingside 
with} ( 20. Qb3? Bxh4 21. Nxh4 Nc4 -+ ) 20. ... g5! {><Nf3, Bg3 
Mueller,Karsten: 'Such moves should not be played lightly. But Yacovich 
has good reasons for g5: White's bishop has no real influence now, which 
helps Black's attack. ' Mueller,Karsten: 'Solche Züge sollte man nie 
leichtfertig machen. Doch Yakovich hat gute Gründe für ...g5: der weiße 
Läufer ist für den Moment außer Spiel, in dem der schwarze Angriff Fahrt 
aufnimmt.'} ( 20. ... Na4?! 21. Bxe7 Qb6 22. Rd2! ( 22. b3 Nxc3+ 23. Ka1 
Qa5 24. Rd2 Ra6 25. Qc2 Rcc6! ) 22. ... Nxc3+ 23. Ka1 Nxe4 24. Qxe4 Rc1+ 
25. Qb1 ~ ) ( 20. ... Bxh4?! 21. Nxh4 Na4 22. Re2 Qb6 23. Ka1 ~ ) 21. Bg3 
Na4! {/\Qb6-+} 22. Re2 â–¡ ( 22. Nd2? Nxb2! 23. Kxb2 Rxc3 24. Qb5 a6! 25. 
Qd5 Rc2+ 26. Kb1 Qc3 27. Qb3 Rxd2 -+ ) ( 22. Ka1 Nxb2! 23. Kxb2 Rxc3 24. 
Qb5 a6 25. Qd5 Rxf3! 26. gxf3 Qc3+ 27. Kb1 Rc4 -+ 28. a3 Qb3+ ) ( {Black 
has ideas to work with such as a knight sacrifice on b2 or c3, as well
as ... 'ifÂ¨ Qb6, which threatens mate on b2 or a capture on c3. A typical
winning line
is} 22. Qc2 Nxb2! 23. Kxb2 Rxc3 24. Qa4 Qc5! {/\25...Rc2 26.Kb1 Rc6 -+} ( 
24. ... Rxf3 25. gxf3 Qc3+ 26. Kb1 Rc4 -+ ) 25. Nd2 b5 26. Qa5 Rc2+ 27. 
Kb1 Qd4 -+ ) 22. ... b5! {Mueller, Karsten: 'Black's pawn advances are 
very impressive! ' Mueller,Karsten: 'Die schwarzen Bauernvorstöße 
hinterlassen einen starken Eindruck.'} ( 22. ... Nxb2? 23. Rxb2 Rxc3 24. 
Qf1 ~ ) 23. Rc2 {'?' Mueller,Karsten. Mueller,Karsten: 'White loses the 
path completely.' Mueller,Karsten: 'Weiß kommt nun ganz vom Kurs ab.'} ( 
23. Qxb5?? {Mueller,Karsten} 23. ... Nxc3+ 24. bxc3 Rb6 -+ ) ( 23. Qc2 =+ 
{(Mueller,Karsten) /-/+ or oder} ) ( 23. Ka1 =+ {(Mueller, Karsten) /-/+} 
) 23. ... b4! 24. Qb5?! {#} ( 24. c4 â–¡ Rxc4 25. Rxc4 Qxc4 26. Qxc4 Rxc4 
-/+ ) 24. ... Nxb2! ( 24. ... Nxb2 25. Rxb2 ( 25. Kxb2 Rxc3! 26. Rcd2 Rc2+
-+ ) 25. ... bxc3 26. Rc2 Rb6 -+ ) 0-1

[Event "Bled ol (Men)"]
[Site "Bled SLO"]
[Date "2002.11.02"]
[Round "8.4"]
[White "Nijboer, Friso"]
[Black "Rublevsky, Sergei"]
[Result "1-0"]
[WhiteElo "2556"]
[BlackElo "2664"]
[EventDate "2002.10.26"]
[PlyCount "73"]
[EventType "team"]
[EventRounds "14"]
[EventCountry "SLO"]
[Source "ChessBase"]
[SourceDate "2002.11.25"]
[WhiteTeam "Netherlands"]
[BlackTeam "Russia"]
[WhiteTeamCountry "NED"]
[BlackTeamCountry "RUS"]

{Visualize the Rooks

One of the tricks to spotting a potential trend is visualizing how the 
rooks
will come into action. If one side can make much better use of his rooks 
and has a free hand to do it, that's usually a good trend.

In the Christiansen-Short game, Black's ability to play ...Rf6 and ... 
.Raf8
indicated one. In Short-Kasparov, the possibility of White doubling rooks 
on the a-file, while Black's   rooks had little to do, showed another. In 
HasangatinYakovich, the tripling of Black's heavy pieces on the c-file - 
while White couldn't make his lazy rooks do significantly more - was also 
revealing. Here's one final example:} 
1. e4 c5 2. Nf3 e6 3. Nc3 a6 4. d4 cxd4 5. Nxd4 Nc6 6. Nxc6 bxc6 7. Bd3 d5
8. O-O Nf6 9. Re1 Bb7 10. Bf4 Be7 11. e5 Nd7 12. Na4 c5 13. c4 d4 14. b3 
Bg5 15. Qg4 Bxf4 16. Qxf4 h6 D {Each player has some good things to say 
about his position. If you can
eliminate your opponent's assets, it leaves you with the only good pieces 
on the
board.

White appreciated that Black's best piece was his bishop. Black, on the 
other
hand, appreciated the need to eliminate one of White's best pieces, with
I . . . Qg5 . That threatens mate on g2 and would force a trade of queens.
White beat him to the punch with} 17. Be4! Bxe4 18. Qxe4 {Black was 
worried
about b3-b4, so he spent a tempo on} 18. ... a5 D {leaving us with another
position to
evaluate.

But this one is easier to judge. White has no open files for his rooks and
no
easy way of opening a file. However, he can greatly enhance his rooks with
Rad1 -d3-g3 . That takes aim at White's best target, g7.
Black's rooks don't seem to have a future. He'd like to trade knights so 
he
can play . . . a4 but there is no easy way to force a swap.
We can carry the visualization a bit further. Black is bound to castle 
kingside.
But that will make him vulnerable to a heavy piece attack of Rg3/Qg4 along
with Nb2-d3-f4-h5.
White's pieces, particularly his rooks, have a future. This is another way
of
saying the future belongs to White. He made progress in the game:} 19. 
Rad1 g6 20. Rd3 Kf8 21. Rg3 Kg7 22. h4 h5 23. Rg5! Ra7 24. Rd1! {The other
rook is headed for either f3 or g3 . Black was able to temporarily
delay him with} 24. ... Qa8 25. Qf4 Qc6 26. Rd3 Raa8 27. Nb2 Rh6 28. Rf3 D
{It's far from the finish but the difference in rooks ensures that White 
will be
the one making threats for the foreseeable future. The beginning of the 
end was} 28. ... Rf8 29. Qd2 Qe4 30. Nd3 Ra8 ( 30. ... Qxh4? 31. Rf4 Qxg5 
32. Rxf7+ Rxf7 33. Qxg5 h4 34. Qg4 Rf5 35. Nxc5 Nxc5 36. Qxd4 Nb7 37. c5 
+/- Nxc5 38. Qxc5 Rhh5 39. Qxa5 Rxe5 40. Qc3 Kf7 41. b4 Rhf5 42. Kf1 g5 
43. a4 Re4 44. a5 Ref4 45. Qc7+ Kf6 46. Qd8+ Ke5 47. a6 Rxf2+ 48. Kg1 h3 
49. Qh8+ Kd6 50. Qb8+ Kd5 51. Qb7+ Kc4 52. a7 Rxg2+ 53. Qxg2 hxg2 54. a8=Q
) 31. Rgg3 Rf8 ( 31. ... Nxe5? 32. Rf4 +- ) 32. Qg5 Rh7 33. Qe7 Qc6 34. 
Rxg6+! Kh8 ( 34. ... Kxg6 35. Qg5# ) 35. Rgf6! Rg7 36. Rh6+ Kg8 37. Rg3! {
Of course, other pieces can improve their positions in the middlegame or
early ending. But it is often easier to visualize the bettering of the 
rooks on each
side. And since rooks are the second-most powerful pieces, and the ones 
that
improve the most after move I 0, it pays to pay extra attention to them.} 
1-0

[Event "RUS Team Ch"]
[Site "Tomsk RUS"]
[Date "2001.05.14"]
[Round "2"]
[White "Nevostrujev, Vladimir"]
[Black "Volzhin, Alexander"]
[Result "1-0"]
[WhiteElo "2438"]
[BlackElo "2528"]
[EventDate "2001.05.13"]
[PlyCount "49"]
[EventType "team"]
[EventRounds "8"]
[EventCountry "RUS"]
[Source "ChessBase"]
[SourceDate "2001.07.03"]
[WhiteTeamCountry "GER"]
[BlackTeamCountry "GER"]

1. e4 c6 2. d4 d5 3. Nd2 dxe4 4. Nxe4 Bf5 5. Ng3 Bg6 6. h4 h6 7. Nf3 Nd7 
8. h5 Bh7 9. Bd3 Bxd3 10. Qxd3 Ngf6 11. Bd2 e6 12. O-O-O Be7 13. Ne4 O-O 
14. Kb1 c5 15. dxc5 Nxc5 16. Nxc5 Bxc5 17. Ne5 Bxf2 18. Bb4 Re8 19. Qf3 
Qb6 20. Bc3 Bc5 D {Who does time favor and what should White do?

---------------

Time favors Black and his extra pawn. He has no immediate counterplay
but can offer trades ( . . . Bb4, . . . .Rad8). Therefore White should 
attack and best
is } 21. g4! ( 21. Rd7 Re7! 22. Rhd1 Nxd7 23. Nxd7 Qc7 24. Nf6+ gxf6 25. 
Qxf6 e5! =+ ) 21. ... Bf8?? ( 21. ... Re7 22. g5 Nd5 23. gxh6 Be3 24. Be1 
Rc7 25. hxg7 Bd4 26. Rxd4 ) ( 21. ... Bb4? 22. Bxb4 Qxb4 23. g5 Qe4 24. 
gxf6 Qxe5 25. Rhg1 Kh8 26. Rxg7 ) 22. g5 hxg5 23. h6 Re7 24. hxg7 Bxg7 25.
 Nc4 Qc7 26. Bxf6 Qc6 1-0

[Event "73. Tata Steel GMA"]
[Site "Wijk aan Zee NED"]
[Date "2011.01.23"]
[Round "8"]
[White "Carlsen, Magnus"]
[Black "Nakamura, Hikaru"]
[Result "1-0"]
[WhiteElo "2814"]
[BlackElo "2751"]
[EventDate "2011.01.14"]
[WhiteTitle "GM"]
[BlackTitle "GM"]
[WhiteFideId "1503014"]
[BlackFideId "2016192"]
[Annotator "Sergej Shipov"]

1. e4 c5 2. Nf3 d6 3. d4 cxd4 4. Nxd4 Nf6 5. Nc3 a6 6. Be2 e5 7. Nb3 Be7 
8. Be3 O-O 9. g4 Be6 ( 9. ... h6 10. h4! {tato profylaxe Pripomina haseni 
pozaru benzinem. } ) 10. g5 Nfd7 {Ustup na e8 se take objevil, ale ja bych
to nazahral ani pro hrozbou zastreleni. } 11. h4 ( 11. Qd2 a5 12. a4 Na6 
13. Nd5 Bxd5 14. exd5 Nac5 15. Nxc5 Nxc5 16. h4 Qc8 17. Bb5 Bd8 18. Qe2 
Bb6 19. O-O-O Nb3+ 20. Kb1 Nd4 21. Bxd4 Bxd4 22. c3 Bc5 23. Bd3 f5 24. 
gxf6 Rxf6 25. Qe4 Rh6 26. f4 {Dolmatov - Ljubojevic,Madrid 1988 } ) 
11. ... Nb6 ( 11. ... b5 12. Bg4 Nc5 13. Bxe6 fxe6 14. g6 h6 15. Qg4 Qc8 
16. O-O-O Na4 17. Ne2 Nc6 18. Kb1 Rf6 19. Rh3 d5 20. Qh5 Bf8 21. Rf3 Rxf3 
22. Qxf3 d4 23. Bxh6! +-- ) 12. Qd2 ( 12. Nd5 N8d7 13. Qd3!? Bxd5 14. exd5
Rc8 15. Nd2! f5 16. gxf6 Nxf6 17. c4 += ) ( 12. f4!? exf4 13. Bxf4 Nc6 14.
 Nd5 Bxd5 15. exd5 Ne5 16. Qd4 Rc8 17. O-O-O Nbc4 18. Nd2 b5 19. Nxc4 Nxc4
20. Bd3 {Dolmatov - Ye Jiangchuan, Shenjan 1999 } ) 12. ... N8d7 ( 12. ...
 a5 13. a4 Nc6 14. O-O-O Nb4 15. f4! ) 13. f4 ( 13. O-O-O Rc8 14. Kb1 Nc4 
15. Bxc4 Rxc4 16. f3 Qc7 17. h5 Rc8 18. g6 fxg6 19. hxg6 hxg6 20. Nd5 Qd8 
21. c3 {Utok cerneho uvizl ve slepe ulicce a utok bileho pokracuje. } 
21. ... R4c6 22. Rdg1 Nf8 23. f4 exf4 24. Nxf4 {a brzy byl cerny rozdrcen,
 Rodgers - Huebner, Welington 1988 } ) 13. ... exf4 {Pustit duleziteho 
pesce na f5 je smrtici. } 14. Bxf4 Ne5 15. O-O-O {Vyvin ukoncen. Zbyva Kb1
a do boje. } 15. ... Rc8 16. Kb1 {Patri k dobremu tonu v sicilske. Pozdeji
se ukaze, ze bily se vyhne problemu. Napriklad vzeti c2 damou je pouze 
sach a ne mat. Neni neprijemnostina diagonale c1-h6.} 16. ... Qc7 ( 
16. ... Nbc4 17. Qd4! ) 17. h5 ( 17. Qd4 ) ( 17. Rh2 ) ( 17. Nd4 Nbc4! 18.
 Bxc4 Nxc4 19. Qd3 Qb6 20. Nb3 ) 17. ... Rfe8 D {White wants to push his 
g-pawn but preparation is in order. He might
consider 18 ..Qe3 , followed by  ..,Qg3 . Or perhaps or  Nd4 or Rdg l . 
What else?

--------------

White played} ( 17. ... Nbc4 18. Bxc4 Nxc4 19. Qd3 a5! ) 18. Ka1! {
Although the king seems safe on b1 , he had two
reasons to spend a tempo on another security move.
First, if White's queen leaves the second rank, which seems likely if his
kingside attack gains speed, he wants to move his knight from c3 - such as
to
d5 - without allowing . . . Qxc2 with check.} ( 18. Qe3 Nec4 19. Qg3? ( 
19. Bxc4 Nxc4 20. Qg3 Na3+ 21. Kc1 Nb5 ) 19. ... Nxb2 20. Kxb2 Qxc3+ 21. 
Qxc3 Na4+ -/+ ) ( 18. Na5! {vypada dobre, aby privital hosty na c4. } 
18. ... Nbd7 19. Nb3 Nb6 20. h6 Nbc4 21. Bxc4 Nxc4 22. Qd4 Bf8 23. Rd3 g6 
24. Rf1 b5 25. Qf2 b4 26. Nd5 Bxd5 27. exd5 Re4 28. Rd4 Rxd4 29. Qxd4 Nb6 
) ( 18. Qe1 Nbc4 19. Bxc4 Bxc4 20. Qf2 b5 21. h6 g6 22. Nd5 Bxd5 23. exd5 
Bf8 24. Rhf1 Nc4 25. Nd4 Qc5 26. Qf3 Rc7 += ) ( 18. Nd4 Nbc4 19. Bxc4 Nxc4
20. Qd3 Qb6 21. Nb3 Qd8 22. Qg3 ) 18. ... Bf8 ( 18. ... Nbc4 19. Bxc4 Nxc4
20. Qd3 b5 21. Nd5 Bxd5 22. exd5 Nb6 23. c3 +/- ) 19. Nd4! {was strong. } 
19. ... Qc5 ( {The difference is that} 19. ... Nec4 20. Bxc4 Nxc4 21. Qd3 
Qb6 22. Bc1! {and the attack rolls on. (In the game, Black preferred Qc5} 
) 20. g6! Nec4 ( 20. ... fxg6 21. hxg6 Nxg6? 22. Nxe6 Rxe6 23. Bg4 {bily 
ziska kvalitu. } ) 21. Bxc4 ( 21. Qd3? Nxb2 22. Kxb2 Qxc3+ 23. Qxc3 Na4+ {
atd. } ) 21. ... Nxc4 22. Qd3 fxg6?! ( 22. ... b5 23. gxh7+ Kh8 24. h6! g6
25. Nxe6 fxe6 ( 25. ... Rxe6 26. Nd5 Ne5 27. Qf1 {s tlakem na f7 } ) 26. 
e5! Nxe5 27. Bxe5+ Qxe5 28. Qxg6 Be7 29. Ne4 d5 30. Rdg1 dxe4 31. Qg7+ 
Qxg7 32. hxg7# ) ( 22. ... h6! {ospravedlnuje postaveni strelce na f8, 
ktery je zakladem obrany pescu. } ) 23. hxg6 ( 23. Nxe6 Rxe6 24. Qh3! Rce8
25. hxg6 h6 26. Nd5 {bila dama miri pres f5 na f7 } 26. ... Rxg6 27. Qf5 
Ree6 28. Rdf1! {a cerny musi obetovat kvalitu na f6 } ) 23. ... h6 24. Qg3
( 24. Nxe6 Rxe6 25. Qh3 Rxg6 26. Nd5 +- ) 24. ... Qb6 25. Bc1 Qa5?! ( 
25. ... Ne5 ) 26. Rdf1 Ne5 ( 26. ... Qe5 27. Qf2! Rc7 28. Bxh6! gxh6 29. 
Nxe6 Qxe6 30. Nd5 Bg7 31. Nxc7 Bxb2+ 32. Kb1 Qe5 33. Qf7+ Kh8 34. Qh7# ) 
27. Nd5 Bxd5 28. exd5 Qxd5 29. Bxh6 gxh6 30. g7 Be7 ( 30. ... Bxg7 31. Nf5
Rc7 32. Nxh6+ Kh7 33. Ng4+ Kg8 34. Nf6+ +-- ) 31. Rxh6 Nf7 32. Qg6! {
Magnus je nemilosrdny. Utok vede bleskove a vyjimecne presne. } 32. ... 
Nxh6 33. Qxh6 Bf6 34. Qh8+ Kf7 35. g8=Q+ Rxg8 36. Qxf6+ Ke8 37. Re1+ 1-0

[Event "39. Olympiad women"]
[Site "Khanty-Mansiysk RUS"]
[Date "2010.09.25"]
[Round "5"]
[White "Foisor, Cristina-Adela"]
[Black "Hoang, Thanh Trang"]
[Result "0-1"]
[WhiteElo "2395"]
[BlackElo "2482"]
[EventDate "2010.09.21"]
[WhiteTitle "IM"]
[BlackTitle "GM"]
[Board "3.1"]
[WhiteTeam "ROU"]
[BlackTeam "HUN"]
[WhiteFideId "1200496"]
[BlackFideId "12400149"]
[EventType "team"]

1. c4 f5 2. Nc3 Nf6 3. g3 e6 4. Bg2 Be7 5. Nf3 O-O 6. O-O d6 7. d4 Ne4 8. 
Qc2 Nxc3 9. bxc3 Nc6 10. Rd1 Qe8 11. e3 e5 12. d5 Nd8 13. c5 b6 14. c6 Qh5
15. a4 a5 16. Ba3 Nf7 17. Re1 g5 18. Qd1 g4 19. Nd2 e4 20. c4 Bf6 21. Ra2 
Ng5 22. Qb3 Nf3+ 23. Bxf3 gxf3 24. Kh1 Be5 25. Rg1 Rf6 26. Nf1 Ba6 27. Bb2
Re8 28. Bxe5 Rxe5 29. Rd2 Qh3 30. Rd4 D {Is time on Black's side and what 
can she do?

------------

Black can win with . . . Rh6 followed by . . . f4 and . . . Reh5, to set 
up a
mating combination with . . . Qxh2+!
That takes some preparation since a premature .. . f4 allowed gxf4 with
check.
White's pieces are so restrained that Black could take her time, even if 
she
wasted time:} 30. ... Kf7! ( 30. ... f4 31. exf4 ( 31. gxf4+ Rg6 ) 31. ...
 Rh5 32. g4 Rh4 ) ( 30. ... Re7! 31. Qb1 Rg6 32. Qc2 Rh6 33. Qb1 Rg7 34. 
Qc2 Rg5 ) 31. Qc2 Rg6 32. Qb1 Ke7 33. Qc2 Kd8 34. Qc1 Kc8 35. Qc2 Kb8 36. 
Qc1 Ka7 37. Qb1 Kb8?! 38. Qc2 Rh6! 39. Qc1 Ka8 40. Qd2 f4! D 41. g4 ( 41. 
gxf4 Reh5 ) 41. ... Rg5 0-1

[Event "Hoogovens"]
[Site "Wijk aan Zee NED"]
[Date "1983.01.??"]
[Round "8"]
[White "Seirawan, Yasser"]
[Black "Van der Wiel, John T H"]
[Result "0-1"]
[WhiteElo "2600"]
[BlackElo "2530"]
[EventDate "1983.01.??"]
[PlyCount "100"]
[EventType "tourn"]
[EventRounds "13"]
[EventCountry "NED"]
[EventCategory "12"]
[Source "ChessBase"]
[SourceDate "1999.07.01"]
[WhiteTeamCountry "SYR"]
[BlackTeamCountry "THA"]

1. c4 e6 2. Nc3 c5 3. Nf3 Nf6 4. g3 b6 5. e4 Bb7 6. Qe2 Nc6 7. Bg2 d6 8. 
O-O Be7 9. Rd1 Nd4 10. Nxd4 cxd4 11. Nb5 e5 D {White seems to have a lead 
in development but l d3 or l f4 doesn't exploit
it. Any other ideas?

---------------

The only way to try to exploit White's lead in development is tactically.
That means} 12. Nxd4! exd4 13. e5! Bxg2 ( 13. ... dxe5 14. Bxb7 Rb8 15. 
Bc6+ ) 14. exf6 Bb7 15. Qxe7+ ( 15. fxe7 Qxe7 16. Qxe7+ Kxe7 17. b3 += ) 
15. ... Qxe7 16. fxe7 Kxe7 17. b3 Rhe8 18. Bb2 d3 19. Bxg7 Kd7 20. Rdc1 
Bf3 21. Rc3 Be2 22. Bd4 Re4 23. Be3 Rg8 24. f3 Rh4 25. Kg2 f5 26. f4 Rhg4 
27. Kf2 ( 27. b4! Re8 28. Kf2 Rc8 29. a4 h5 30. a5 h4 31. axb6 hxg3+ 32. 
hxg3 axb6 33. Bxb6 Rcg8 34. Rg1 Rb8 35. c5 dxc5 36. Bxc5 ) 27. ... h5 28. 
Rg1 h4 29. Bd4 R4g6 30. Rcc1 Rh6 31. gxh4 Rxg1 32. Rxg1 Rxh4 33. Rg7+ Ke6 
34. Be3 Rh3 35. Ke1 Rf3 36. Rg1 d5 37. h4 d4 38. Bxd4 Rxf4 39. Bf2 Re4 40.
 Rg7? ( 40. Rg8 Kf7 41. Rd8 Bf3+ 42. Kf1 = ) 40. ... f4 41. Rxa7?? ( 41. 
Rg6+ Ke7 42. Rg5 ) 41. ... Bg4+ 42. Kf1 Re2 43. Ra6 Rxd2 44. c5 Kf5 45. 
cxb6 Ke4 46. Ra4+ Kf3 47. Rxf4+ Kxf4 48. b7 Rd1+ 49. Be1 Rxe1+ 50. Kxe1 
Ke3 0-1